Textbook of pediatric dentistry / (Record no. 160209)

MARC details
000 -LEADER
fixed length control field 00877nam a22002177a 4500
005 - DATE AND TIME OF LATEST TRANSACTION
control field 20190118161527.0
008 - FIXED-LENGTH DATA ELEMENTS--GENERAL INFORMATION
fixed length control field 190118b ||||| |||| 00| 0 eng d
010 ## - LCCN (DPL NO)
LC control number B-713065
020 ## - INTERNATIONAL STANDARD BOOK NUMBER
International Standard Book Number 9789352705290
Terms of availability 1695.00
035 ## - SYSTEM CONTROL NUMBER
System control number B-713065
037 ## - SOURCE OF ACQUISITION
Source of stock number/acquisition L/RP/RKBooks
082 ## - DEWEY DECIMAL CLASSIFICATION NUMBER
Edition number 4th ed
Classification number 617.645
100 ## - MAIN ENTRY--PERSONAL NAME
Personal name Marwah, Nikhil
245 ## - TITLE STATEMENT
Title Textbook of pediatric dentistry /
Statement of responsibility, etc Nikhil Marwah
250 ## - EDITION STATEMENT
Edition statement 4th ed
260 ## - PUBLICATION, DISTRIBUTION, ETC. (IMPRINT)
Place of publication, distribution, etc New delhi
Name of publisher, distributor, etc Jaypee brothers medical publishers
Date of publication, distribution, etc 2019
270 ## - ADDRESS
Address 4838/24, Ansari road, daryaganj
City New delhi
Postal code 110002
Telephone number +91-1143574357
Fax number +91-1143574314
Electronic mail address jaypee@jaypeebrothers.com
300 ## - PHYSICAL DESCRIPTION
Extent xxxv,1099p.
Dimensions 27cm.
942 ## - ADDED ENTRY ELEMENTS (KOHA)
Source of classification or shelving scheme Dewey Decimal Classification
Item type English Books
Edition 4th ed
Classification part 617.645
Call number suffix MAR
Holdings
Withdrawn status Lost status Source of classification or shelving scheme Damaged status Not for loan Collection code Home library Current library Date acquired Source of acquisition Cost, normal purchase price Total Checkouts Full call number Barcode Date last seen Copy number Cost, replacement price Koha item type Public note
    Dewey Decimal Classification     Non-fiction Central Library Central Library 17/01/2019 RKBooks/IN2879/16.01.2019/175/09.01.2019/17.01.2019 1695.00 2 617.645 MAR B-713065 22/03/2021 1 1695.00 English Books RP

© Delhi Public Library
Hit Counter
free hit counter